000 00786nam a22002897a 4500
001 0010468
003 KOHA_MİRAKIL
005 20260207001745.0
007 ta
008 091111b2000 tu |||gr||||#||||0|tur |
020 _a9757819190
040 _aTR-BiSEU
_btur
_cTR-BiSEU
_erda
041 0 _atur
044 _ctu
050 _aB53
_b.W25 2000
100 1 _aWarburton, Nigel.
245 1 _aFelsefeye giriş/
_cNigel Warburton ; Nigel Warburton; çeviren Ahmet Cevizci.
264 1 _aİstanbul :
_bParadigma
_c2000
300 _a193 sayf; 20 cm.
336 _ametin
_btxt
_2rdacontent
337 _aaracısız
_bn
_2rdamedia
338 _acilt
_bnc
_2rdacarrier
500 _aDizin var.
650 0 _aFelsefe.
_93265
650 0 _aPhilosophy.
_93266
942 _2lcc
_cBK
999 _c10440
_d10440